Omar Courtz por álbumes - Statistics

General Stats
  • This quiz has been taken 80 times
  • The average score is 15 of 21
Answer Stats
Answer % Correct
LUCES DE COLORES
88%
I N T R O
87%
Q U E V A S H A C E R H O Y
87%
SERIO CON ESE Q
85%
G O D D E S S
82%
I N T E R L U D I O
82%
2 K 1 6
80%
S E X P L A Y L I S T 1
80%
H E A V Y
78%
P I E N S A S E N M I (ft. Luar La L)
78%
UNA NOTi
78%
P I E N S O E N S E X X X O
77%
P o l v o s Q u e N o S e O l v i d a n
77%
DRIPPEO KBRON
75%
M U S A E L E V Á
75%
A L O C A - T
72%
S I T E G U S T A N L A S G A T A S
70%
Invierno
53%
4+
45%
Como Yonce
35%
Flow Miami
33%
No matching quizzes found
Score Distribution
Percent of People with Each Score
Percentile by Number Answered
Your Score History
You have not taken this quiz